Donjons et Raids de World of Warcraft - Statistiques

Statistiques générales
  • Ce quiz a été pris 318 fois
    230 depuis la dernière actualisation
  • Le résultat moyen est 42 sur 175
Statistiques - réponses
Hint Réponse % Correct
Les Mortemines
72%
Les Mortemines héroïque
72%
La Prison
69%
Donjons Vanilla Ragefeu
67%
Temple Noir
56%
Naxxramas
55%
Citadelle de la Couronne de Glace
53%
Raids Vanilla Coeur du Magma
53%
Donjon d'Ombrecroc
51%
Donjon d'Ombrecroc héroïque
51%
Zul'Gurub
51%
Cavernes des lamentations
50%
Repaire d'Onyxia
50%
Zul'Aman
50%
Monastère écarlate
49%
Stratholme
48%
L'œil - Donjon de la Tempête
46%
Scholomance
46%
Zul'Farrak
46%
Repaire de l'Aile Noire
44%
Ulduar
43%
Raids BC Karazhan
42%
Kraal de Tranchebauge
40%
Les Terres de Feu
40%
Uldaman
39%
Uldaman : l'héritage de Tyr
39%
Gnomeregan
38%
Profondeurs de Brassenoire
38%
Repaire de Gruul
38%
Temple d'Ahn'Qiraj
38%
Maraudon
37%
Haches-Tripes
35%
Siège d'Orgrimmar
35%
L'Âme des dragons
34%
Ruines d'Ahn'Qiraj
34%
Citadelle des Flammes infernales
33%
Trône du Tonnerre
31%
Coeur de la peur
30%
Le Nexus
30%
Souilles de Tranchebauge
30%
Plateau du Puits de Soleil
29%
Botanica
28%
Bastion du Crépuscule
27%
Sanctum Rubis
27%
Terrasse printanière
27%
Antorus, le trône ardent
26%
Bas du Pic Rochenoire
26%
Raids SL Château Nathria
26%
Cime d'Utgarde
26%
Descente de l'Aile Noire
26%
Les salles de Pierre
26%
Sanctum Obsidien
26%
Caverne du Sanctuaire du Serpent
25%
Raids de WoD Cognefort
25%
L'Occulus
25%
Palais Sacrenuit
25%
Bataille du Mont Hyjal
24%
Les salles de Foudre
24%
Tombe de Sargeras
24%
Donjons Cata Trône des Marées
24%
Bataille de Dazar'Alor
23%
Donjons TLK Donjon d'Utgarde
23%
La Fin des Temps
23%
Donjons BC Remparts des flammes infernales
23%
Repaire de Maghteridon
23%
Azjol Nérub
22%
Raids DF Caveau des Incarnations
22%
Raids MoP Caveaux Mogu'Shan
22%
Fosse de Saron
22%
La cime du Vortex
22%
La Forge des Âmes
22%
L'épreuve du croisé
22%
Ny'Alotha, la cité en éveil
22%
Profondeurs de Rochenoire
22%
Salles des reflets
22%
Donjons WoD Auchindoun
21%
Gundrak
21%
Salles brisées
21%
Temple du Serpent de Jade
21%
Terrasse des Magistères
21%
Basse-Tourbière
20%
Grim Batol
20%
Le Fort Pourpre
20%
Les Enclos aux esclaves
20%
Salles des Valeureux
20%
Trône des quatre vents
20%
Haut du Pic Rochenoire
19%
Temple d'Atal'Hakkar
19%
Raids BFA Uldir
19%
Donjons MoP Brasserie Brune d'orage
18%
L'épuration de Stratholme
18%
Opération Mécagone
18%
Port-Liberté
18%
Salles de Setthek
18%
Salles écarlates
18%
Sommet du pic Rochenoire
18%
Arcatraz
17%
Fonderie des Rochenoires
17%
Labyrinthe des Ombres
17%
L'oeil de l'éternité
17%
Repaire de Neltharion
17%
Sanctum de la Domination
17%
Cour des Étoiles
16%
Donjon de Drak'Tharon
16%
Raids Legion Le Cauchemar d'émeraude
16%
Manoir Malvoie
16%
Méchanar
16%
Sépulcre des Fondateurs
16%
Raids Cata Bastion de Baradin
15%
Bastion du Freux
15%
Caveau d'Archavon
15%
Cité perdue des Tol'vir
15%
L'Autre Côté
15%
Le Coeur-de-Pierre
15%
L'évasion de Fort-de-Durn
15%
Palais Mogu'Shan
15%
Ahn'Kahet
14%
Atal'Dazar
14%
Fourré Sombrecoeur
14%
L'Arcavia
14%
Le Noir Marécage
14%
Les Salles de l'Origine
14%
L'Oeil d'Azshara
14%
Palais Éternel
14%
Quais de fer
14%
Tol Dagor
14%
Tombes-Mana
14%
Caveau de la vapeur
13%
Caveau des Gardiennes
13%
Dépôt de Tristerail
13%
L'Heure du Crépuscule
13%
Siège de Boralus
13%
Terres sacrées d'Ombrelune
13%
Caveau d'Azur
12%
Monastère des Pandashan
12%
Repos des Rois
12%
Retour à Karazhan
12%
Siège du Triumvirat
12%
Donjons SL Sillage Nécrotique
12%
Tazavesh, le marché dissimulé
12%
Temple de Sephraliss
12%
Théâtre de la Souffrance
12%
Académie d'Algeth'ar
11%
Brumes de Tirna Scithe
11%
Cavernes de Rochenoire
11%
Cryptes Auchenaï
11%
Fournaise du sang
11%
Le Puits d'Eternité
11%
Neltharus
11%
Tréfonds Putrides
11%
Cathédrale de la Nuit Éternelle
10%
Creuset des Tempêtes
10%
Flèches de l'Ascension
10%
Gueule des Âmes
10%
La Flore éternelle
10%
Donjons BFA Le Filon
10%
Le Jugement des Valeureux
10%
Malepeste
10%
Orée du Ciel
10%
Porte du Soleil couchant
10%
Profondeurs Sanguines
10%
Sanctuaire des Tempêtes
10%
Siège du temple de Niuzao
10%
Creux des Fougerobes
9%
L'épreuve du champion
9%
Mine de la Masse-Sanglante
9%
Donjons DF Offensive Nokhud
9%
Salles de l'Expiation
9%
Bassin de l'Essence rubis
7%
Donjons Legion Assaut sur le Fort Pourpre
6%
Salles de l'Imprégnation
6%
Aucun quiz correspondant
Distribution des résultats
% des personnes avec chaque résultat
Percentile par nombre de réponses
Votre historique - résultats
Vous n’avez pas pris ce quiz depuis la dernière actualisation